000 00695nam a22002057a 4500
999 _c11312
_d11312
003 AR-CdUCM
008 190403b ||||| |||| 00| 0 spa d
040 _aMUNICIPALIDAD PROVINCIAL DEL CUSCO
_cBIBLIOTECA MUNICIPAL DEL CUSCO
082 _a376.36 /
_bEL42 / 1942
100 _aElías de Ballesteros, Emilia
_928624
245 _aLa Lengua nacional en los textos Literarios /
260 _aMéxico, D.F :
_bAtlante,
_c1942.
300 _a103 páginas ;
_c23 cm.
505 _aContenido: La lectura -- El dictado -- Ejercicios de composición ...
650 _aLengua española
_91124
650 _aComposición
_919519
650 _aEjercicios
_919599
942 _2ddc
_cLIBROS
945 _acmm